<?xml version="1.0" encoding="UTF-8"?>
<collection xmlns="http://www.loc.gov/MARC21/slim">
 <record>
  <leader>01286pamaa2200229   4500</leader>
  <controlfield tag="001">0000053838</controlfield>
  <controlfield tag="005">20160516090000.0</controlfield>
  <controlfield tag="008">160516c2015    eng</controlfield>
  <datafield tag="020" ind1=" " ind2=" ">
   <subfield code="a">9781457668739(pbk) </subfield>
  </datafield>
  <datafield tag="090" ind1="0" ind2="0">
   <subfield code="a">P94.65 </subfield>
   <subfield code="b">CAM 2015</subfield>
  </datafield>
  <datafield tag="100" ind1="1" ind2=" ">
   <subfield code="a">Campbell, Richard </subfield>
  </datafield>
  <datafield tag="245" ind1="1" ind2="0">
   <subfield code="a">Media &amp; culture : </subfield>
   <subfield code="b">mass communication in a digital age  </subfield>
   <subfield code="c">Richard Campbell, Christopher R. Martin, Bettina Fabos.</subfield>
  </datafield>
  <datafield tag="250" ind1=" " ind2=" ">
   <subfield code="a">10th ed.</subfield>
  </datafield>
  <datafield tag="260" ind1=" " ind2=" ">
   <subfield code="a">Boston: </subfield>
   <subfield code="b">Bedford/St. Martin's.</subfield>
  </datafield>
  <datafield tag="300" ind1=" " ind2=" ">
   <subfield code="a">xxviii, 575 pages: </subfield>
   <subfield code="b">N1-I28 : illustrations (chiefly color); </subfield>
   <subfield code="c">28 cm.</subfield>
  </datafield>
  <datafield tag="500" ind1=" " ind2=" ">
   <subfield code="a">&quot;The tenth edition of Media &amp; Culture starts with the digital world you know and then goes further, focusing on what constant changes really mean. Through new infographics, cross-reference pages, and a digital jobs feature, the book explains and illustrates how the media industries connect, interlock, and converge. Media &amp; Culture brings together industry expertise, media history, and current trends for an exhilarating look at the media right now.&quot;--Page [4] of cover</subfield>
  </datafield>
  <datafield tag="504" ind1=" " ind2=" ">
   <subfield code="a">Includes Notes, glossary and indexes</subfield>
  </datafield>
  <datafield tag="650" ind1="0" ind2="0">
   <subfield code="a">Mass Media and culture -- </subfield>
   <subfield code="z">United States </subfield>
  </datafield>
  <datafield tag="650" ind1="0" ind2="0">
   <subfield code="a">Popular culture -- </subfield>
   <subfield code="x">United -- </subfield>
   <subfield code="z">United States </subfield>
  </datafield>
  <datafield tag="700" ind1="1" ind2="0">
   <subfield code="a">Martin, Christopher R </subfield>
  </datafield>
  <datafield tag="700" ind1="1" ind2="0">
   <subfield code="a">Fabos,Bettina </subfield>
  </datafield>
  <datafield tag="901" ind1=" " ind2=" ">
   <subfield code="u">http://www.macmillangigered.com</subfield>
  </datafield>
 </record>
</collection>
